| 000 | 01097nam a22002537a 4500 | ||
|---|---|---|---|
| 005 | 20170124103015.0 | ||
| 010 | _aA-766058 | ||
| 020 | _c00.00 | ||
| 035 | _aA-766058 | ||
| 037 | _bCen Lib/Ret | ||
| 040 |
_aDPL _bHN |
||
| 082 |
_aक _bदुबेच |
||
| 100 |
_aदुबे, चंद्रशेखर _942810 |
||
| 245 |
_a बिना सवार का घोडा : _cचंद्रशेखर दुबे _bचन्द्र शेखर दुबे की चुनिन्दा कहानियां / |
||
| 246 |
_aBina savar ka ghoda : chandrashekhar dubey ki chuninda kahaniyan _b by Chandrashekhar Dubey |
||
| 260 |
_aदिल्ली _bदिशा प्रकाशन |
||
| 270 |
_a138/16, त्रिनगर _bदिल्ली _e110035 |
||
| 300 |
_a159पृष्ठ. _c17(सजिल्द) |
||
| 650 |
_aहिंदी साहित्य _958720 |
||
| 650 |
_a हिंदी कहानी _958721 |
||
| 650 |
_ahindi literature _958722 |
||
| 650 |
_aHindi Story _943117 |
||
| 942 |
_2ddc _cHN _hक _mदुबेच |
||
| 999 |
_c114863 _d114863 |
||